Countries with Constitutional or Explicit law bans on Gay Marriage - Statistics

General Stats
  • This quiz has been taken 60 times
  • The average score is 20 of 38
Answer Stats
Answer % Correct
Russia
95%
law China
80%
Belarus
78%
Poland
76%
Ukraine
73%
Moldova
68%
Armenia
63%
Serbia
63%
law Nigeria
61%
Uganda
61%
Croatia
59%
Latvia
59%
Lithuania
56%
Slovakia
56%
Bulgaria
54%
Zimbabwe
54%
Democratic Republic of the Congo
51%
Montenegro
51%
Venezuela
51%
Burundi
49%
Cambodia
49%
Dominican Republic
46%
Hungary
46%
Kenya
46%
Singapore
46%
South Sudan
46%
Central African Republic
44%
Mongolia
44%
Rwanda
44%
Bolivia
41%
law Malawi
41%
Mali
41%
law Nicaragua
39%
Paraguay
39%
Burkina Faso
34%
Honduras
34%
Kyrgyzstan
32%
Palau
29%
No matching quizzes found
Score Distribution
Percent of People with Each Score
Percentile by Number Answered
Your Score History
You have not taken this quiz